Vision for Seekers of the Truth/ (Record no. 329476)
[ view plain ]
| 000 -LEADER | |
|---|---|
| fixed length control field | 00503nam a22001577a 4500 |
| 003 - CONTROL NUMBER IDENTIFIER | |
| control field | Nust |
| 005 - DATE AND TIME OF LATEST TRANSACTION | |
| control field | 20170509121636.0 |
| 008 - FIXED-LENGTH DATA ELEMENTS--GENERAL INFORMATION | |
| fixed length control field | 170303b xxu||||| |||| 00| 0 eng d |
| 020 ## - INTERNATIONAL STANDARD BOOK NUMBER | |
| International Standard Book Number | 9690018930 |
| 040 ## - CATALOGING SOURCE | |
| Transcribing agency | DLC |
| 082 ## - DEWEY DECIMAL CLASSIFICATION NUMBER | |
| Classification number | 297 |
| Author Mark | ZAN |
| 245 ## - TITLE STATEMENT | |
| Title | Vision for Seekers of the Truth/ |
| Statement of responsibility, etc. | Syed Muhammad Zauqi |
| 260 ## - PUBLICATION, DISTRIBUTION, ETC. | |
| Place of publication, distribution, etc. | Lahore : |
| Name of publisher, distributor, etc. | Ferozsons, |
| Date of publication, distribution, etc. | 2005 |
| 300 ## - PHYSICAL DESCRIPTION | |
| Extent | 226p. : |
| Dimensions | 25 cm |
| 650 ## - SUBJECT ADDED ENTRY--TOPICAL TERM | |
| Topical term or geographic name entry element | Islam |
| 9 (RLIN) | 174 |
| 942 ## - ADDED ENTRY ELEMENTS (KOHA) | |
| Source of classification or shelving scheme | |
| Koha item type | Book |
| Withdrawn status | Lost status | Source of classification or shelving scheme | Damaged status | Not for loan | Permanent Location | Current Location | Shelving location | Date acquired | Total Checkouts | Total Renewals | Full call number | Barcode | Date last seen | Date last checked out | Copy number | Price effective from | Koha item type |
|---|---|---|---|---|---|---|---|---|---|---|---|---|---|---|---|---|---|
| Central Library (CL) | Central Library (CL) | Book Cart | 05/09/2017 | 4 | 1 | 297.21 ZAU | CL3080 | 01/13/2025 | 09/27/2024 | 1 | 05/09/2017 | Book | |||||
| Central Library (CL) | Central Library (CL) | Book Cart | 05/09/2017 | 3 | 3 | 297.21 ZAU | CL2573 | 09/20/2021 | 02/23/2021 | 2 | 05/09/2017 | Book | |||||
| Central Library (CL) | Central Library (CL) | Book Cart | 11/29/2017 | 2 | 1 | 297.21 ZAU | CL783 | 11/03/2024 | 10/22/2024 | 5 | 11/29/2017 | Book | |||||
| Central Library (CL) | Central Library (CL) | First Floor - Islam | 05/20/2022 | 2 | 1 | 297.21 ZAU | CL3305 | 02/17/2024 | 09/17/2023 | 05/20/2022 | Book | ||||||
| Central Library (CL) | Central Library (CL) | First Floor - Islam | 07/14/2022 | 297.21 ZAU | CL3454 | 07/14/2022 | 07/14/2022 | Book | |||||||||
| Central Library (CL) | Central Library (CL) | First Floor - Islam | 10/30/2022 | 1 | 297 .21 ZAU | CL3497 | 07/03/2023 | 05/20/2023 | 10/30/2022 | Book | |||||||
| Central Library (CL) | Central Library (CL) | First Floor - Islam | 10/30/2022 | 297.21 ZAU | CL3498 | 10/30/2022 | 10/30/2022 | Book |
